Hillingdon LBC v ARC Limited (Record no. 65025)

MARC details
000 -LEADER
fixed length control field 01263cam a2200229 4500
001 - CONTROL NUMBER
control field ABS62992
008 - FIXED-LENGTH DATA ELEMENTS--GENERAL INFORMATION
fixed length control field 000000n2000 000 0 eng u
035 ## - SYSTEM CONTROL NUMBER
System control number (Sirsi) u108916
245 ## - TITLE STATEMENT
Title Hillingdon LBC v ARC Limited
260 ## - PUBLICATION, DISTRIBUTION, ETC.
Date of publication, distribution, etc. 2000
490 ## - SERIES STATEMENT
Series statement Rating and Valuation Reporter
Volume/sequential designation 40(9) [2000] RVR 283-292(10)
520 ## - SUMMARY, ETC.
Summary, etc. CA 16 June 2000. ARC Limited (A) claimed compensation following the compulsory acquisition by the council (C) of land occupied by them. A submitted its original claim in April 1982, but no reference to the LT was made until September 1995. C took the point that the proceedings were statute barred as a result of the Limitation Act 1980 s9. In April 1999 a judge held that C was precluded by convention estoppel from relying on the limitation point. C appealed. Appeal allowed on the grounds that there was no estoppel preventing C from relying on the limitation defence.
590 ## - LOCAL NOTE (RLIN)
Local note ABS
650 ## - SUBJECT ADDED ENTRY--TOPICAL TERM
Topical term or geographic name entry element Compulsory purchase
9 (RLIN) 6228
650 ## - SUBJECT ADDED ENTRY--TOPICAL TERM
Topical term or geographic name entry element COMPENSATION
650 ## - SUBJECT ADDED ENTRY--TOPICAL TERM
Topical term or geographic name entry element LIMITATION PERIOD
650 ## - SUBJECT ADDED ENTRY--TOPICAL TERM
Topical term or geographic name entry element LIMITATION ACT 1980 S9
650 ## - SUBJECT ADDED ENTRY--TOPICAL TERM
Topical term or geographic name entry element ESTOPPEL
650 ## - SUBJECT ADDED ENTRY--TOPICAL TERM
Topical term or geographic name entry element HILLINGDON LBC V ABC LIMITED
690 ## - LOCAL SUBJECT ADDED ENTRY--TOPICAL TERM (OCLC, RLIN)
Topical term or geographic name as entry element ENVIRONMENTAL AND LAND CONSULTANCY-PLANNING AND DEVELOPMENT-COMPULSORY PURCHASE AND COMPENSATION
942 ## - ADDED ENTRY ELEMENTS (KOHA)
Suppress in OPAC 0
Holdings
Withdrawn status Lost status Source of classification or shelving scheme Damaged status Not for loan Home library Current library Shelving location Date acquired Total Checkouts Full call number Barcode Date last seen Copy number Price effective from Koha item type
    Dewey Decimal Classification     London London Journal article 24/10/2000   ABS62992 108916-1001 06/08/2019 1 06/08/2019 Law report